000 01591cam a2200361 a 4500
001 EDZ0000077651
003 StDuBDS
005 20161031105104.0
006 m||||||||d||||||||
007 cr |||||||||||
008 120418s2011 caua fo| 001|0|eng d
020 _a9781452219127 (ebook) :
_cNo price
040 _aStDuBDS
_beng
_cStDuBDS
_epn
049 _aAlfaisal Main Library
050 0 _aLB1573.8
_b.N48 2011
082 0 4 _a372.416
_223
100 1 _aNevills, Pamela.
245 1 0 _aBuild the brain for reading, grades 4-12
_h[electronic resource] /
_cPamela Nevills ; foreword by Patricia Wolfe.
260 _aThousand Oaks, Calif. :
_bCorwin ;
_aLondon :
_bSAGE,
_cc2011.
300 _a1 online resource (xi, 188 p.) :
_bill.
504 _aIncludes bibliographical references and index.
520 8 _aThis title will help teachers understand brain development and how it relates to all aspects of literacy, including phonemic awareness, vocabulary, writing, fluency, and comprehension. Along with classroom activities that build skills in these areas, the book also includes current research and theory.
521 _aSpecialized.
588 _aDescription based on print version record.
650 0 _aDevelopmental reading.
650 0 _aReading
_xPhysiological aspects.
650 0 _aReading, Psychology of.
655 7 _aElectronic books.
_2local
710 2 _aSage eBooks
776 0 8 _iPrint version :
_z9781412961110
856 4 0 _uhttp://ezproxy.alfaisal.edu/login?url=http://sk.sagepub.com/books/build-the-brain-for-reading-grades-4-12
942 _2lcc
_cEBOOKS
999 _c479112
_d479112